| 000 | 00628nam a2200205Ia 4500 | ||
|---|---|---|---|
| 003 | GCL | ||
| 008 | 140319s9999 xx 000 0 ara d | ||
| 040 |
_aGCL / _cGCL |
||
| 082 | 0 | 4 |
_a843.03 _bم م |
| 100 | 1 | _aمالو , هكتور | |
| 245 | 1 | 0 |
_aمع كابى وفرقته / _cمالو , هكتور |
| 700 | 1 | _aنوال محمد حسين | |
| 700 | 1 | _aعبدالحميد الدواخلى | |
| 300 | _a112 ص | ||
| 490 |
_aالالف كتاب _v0 |
||
| 650 | 0 | 4 | _aالقصص الفرنسية |
| 650 | 0 | 4 | _aالادب الفرنسى المترجم |
| 650 | 0 | 4 | _aالادب العالمى المترجم |
| 942 |
_2ddc _cBK |
||
| 999 |
_c43922 _d43922 |
||